As maiores cidades da América (por população) - Statistics

Estatísticas Gerais
  • Esse quiz foi jogado 330 vezes
  • A pontuação média é 45 de 100
Estatísticas das Respostas
# País Cidades População % Correto
4 México Cidade do México 8 603 392
100%
7 Brasil Rio de Janeiro 6 320 446
100%
1 Brasil São Paulo 11 253 503
100%
2 Peru Lima 9 544 910
99%
3 Estados Unidos Nova York 8 951 572
99%
10 Argentina Buenos Aires 2 890 151
97%
5 Colômbia Bogotá 7 403 192
95%
9 Estados Unidos Los Angeles 3 792 621
95%
6 Chile Santiago 6 408 592
95%
17 Brasil Belo Horizonte 2 479 175
94%
8 Venezuela Caracas 5 905 463
94%
11 Brasil Salvador 2 710 968
92%
13 Brasil Brasília 2 648 532
91%
29 Brasil Curitiba 1 751 907
88%
14 Canadá Toronto 2 615 060
88%
41 Brasil Porto Alegre 1 436 123
87%
25 Brasil Manaus 2 057 311
85%
16 Brasil Fortaleza 2 500 194
84%
12 Estados Unidos Chicago 2 707 120
83%
35 Brasil Recife 1 536 934
83%
22 Cuba Havana 2 135 498
79%
26 Peru Quito 1 842 201
79%
39 Brasil Belém 1 437 600
75%
50 Brasil Goiânia 1 301 892
74%
62 Brasil Campinas 1 064 669
73%
76 Bolívia La Paz 905 480
73%
51 Brasil Guarulhos 1 299 283
70%
19 Colômbia Medellín 2 393 011
69%
81 Canadá Ottawa 859 704
69%
47 Uruguai Montevidéu 1 336 878
67%
23 Estados Unidos Houston 2 099 451
66%
91 Estados Unidos São Francisco 808 977
66%
31 México Guadalajara 1 646 183
64%
52 Estados Unidos Dallas 1 279 910
63%
88 Brasil Natal 817 590
61%
21 Guatemala Cidade da Guatemala 2 149 107
60%
65 Brasil São Luís 1 011 943
60%
72 Brasil Maceió 932 608
59%
96 Brasil Campo Grande 786 797
53%
60 México Monterrey 1 133 814
52%
18 Equador Guayaquil 2 440 127
51%
99 Brasil João Pessoa 742 478
51%
32 Argentina Córdoba 1 613 211
50%
38 Estados Unidos Filadélfia 1 447 395
48%
45 Estados Unidos San Diego 1 359 132
48%
33 Canadá Montreal 1 583 590
47%
49 Haiti Porto Príncipe 1 321 522
47%
66 Brasil São Gonçalo 1 008 064
47%
84 Brasil Teresina 830 231
46%
67 Estados Unidos San Jose 964 695
44%
78 Panamá Cidade do Panamá 880 691
43%
69 República Dominicana Santo Domingo 965,040
43%
48 Argentina Rosário 1 325 090
42%
24 Colômbia Barranquilla 2 102 837
41%
37 México Tijuana 1 454 892
41%
43 Nicarágua Manágua 1 401 284
38%
34 Estados Unidos Phoenix 1 567 924
36%
28 Bolívia Santa Cruz de la Sierra 1 756 926
35%
97 Estados Unidos Austin 786 382
34%
79 Brasil Duque de Caxias 872 762
34%
75 Estados Unidos Detroit 910 920
33%
54 Honduras Tegucigalpa 1 251 309
32%
90 Brasil São Bernardo do Campo 810 979
31%
44 Estados Unidos San Antonio 1 373 668
29%
15 Venezuela Maracaibo 2 535 494
28%
80 Brasil Nova Iguaçu 865 089
27%
55 Colômbia Cartagena 1 239 430
26%
68 Argentina La Plata 957 834
24%
89 Estados Unidos Jacksonville 813 518
20%
92 Estados Unidos Indianápolis 807 584
16%
61 Argentina Mendoza 1 109 104
16%
56 Peru Arequipa 1 223 074
15%
36 México Puebla 1 485 941
15%
27 Venezuela Valência 1 785 202
15%
64 Canadá Calgary 1 019 942
13%
74 Canadá Edmonton 912 391
11%
98 Estados Unidos Columbus 754 885
10%
100 Estados Unidos Fort Worth 727 575
10%
40 Venezuela Barquisimeto 1 437 216
9%
53 México Léon 1 278 087
8%
77 Argentina Tucumán 903 129
8%
57 Bolívia El Alto 1 184 392
7%
71 Chile Concepción 936 651
6%
73 Colômbia Cúcuta 918 942
6%
93 México Querétaro 804 663
6%
42 México Cidade Juárez 1 409 891
5%
83 Venezuela Maracay 854 342
5%
87 Peru Trujillo 820 019
5%
30 México Ecatepec 1 687 549
4%
63 Honduras San Pedro Sula 1 024 182
4%
46 República Dominicana Santiago de los Caballeros 1 346 064
4%
85 México Chihuahua 825 327
3%
94 México Culiacán 793 730
3%
82 México Mexicali 855 962
3%
20 Colômbia Santiago de Cali 2 244 639
3%
86 México Naucalpan 821 442
2%
59 México Nezahualcóyotl 1 136 568
2%
58 México Zapopan 1 155 796
2%
70 Venezuela Cidade Guayana 940 477
1%
95 República Dominicana Santo Domingo Este 787 129
1%
Nenhum quiz correspondente encontrado
Distribuição das Pontuações
Porcentagem de Pessoas com Cada Pontuação
Percentil de Números Respondidos
Sua Pontuação Histórica
Você não jogou esse quiz